[Event "St Petersburg Blitz"]
[Site "St Petersburg"]
[Date "2021.12.12"]
[Round "15"]
[White "Matlakov, Maxim"]
[Black "Lugovoi, Aleksei"]
[Result "1-0"]
[WhiteElo "2674"]
[BlackElo "2507"]
[PlyCount "67"]
[EventDate "2021.12.12"]
[EventType "tourn (blitz)"]
[EventRounds "21"]
[EventCountry "RUS"]
[EventCategory "11"]
[SourceTitle "CBM 205 Extra"]
[Source "ChessBase"]
[SourceDate "2022.01.31"]
[SourceVersion "1"]
[SourceVersionDate "2022.01.31"]
[SourceQuality "1"]

1. Nf3 Nf6 2. g3 d5 3. Bg2 c5 4. O-O e6 5. d3 Nc6 6. Nbd2 g6 7. e4 Bg7 8. Re1 O-O 9. Qe2 b6 10. Nf1 Ba6 11. e5 Nd7 12. Bf4 b5 ({RR} 12... Qc7 13. h4 Nd4 14. Nxd4 cxd4 15. Nh2 Rac8 16. Rac1 Qc5 17. h5 h6 18. hxg6 fxg6 19. Qg4 Kf7 20. Nf3 Kg8 21. Nh2 Kf7 22. Nf3 Rfe8 23. Bh3 Re7 24. Bd2 {1-0 (24) Denderski,P (2246)-Krawczyk,W (1973) Jastrzebia Gora 2022}) 13. h4 h6 $146 ({RR} 13... Qb6 14. N1h2 Rae8 15. h5 b4 16. Ng4 c4 17. Bh6 Bxh6 18. Nxh6+ Kg7 19. Qd2 Nd4 20. dxc4 Nxf3+ 21. Bxf3 Bxc4 22. Ng4 Rg8 23. Qh6+ Kh8 24. Qf4 gxh5 25. Nh6 Rg7 26. Bxh5 Rf8 27. Ng4 Rfg8 28. Kg2 {Fabisch,C (2205)-Stehlik,J Hradec Kralove 1992 0-1 (36)}) 14. N1h2 b4 15. Qd2 Kh7 16. Ng4 h5 17. Ngh2 c4 18. d4 Qb6 19. c3 Rab8 20. Re2 Rb7 21. g4 hxg4 22. Nxg4 Rfb8 23. Qe3 Qa5 24. Ng5+ Kg8 25. Qh3 bxc3 26. bxc3 Rb1+ 27. Rxb1 Rxb1+ 28. Kh2 Nf8 29. h5 gxh5 30. Qxh5 Ng6 31. Nf6+ Kf8 32. Nxe6+ Ke7 33. Nxd5+ Kd7 34. Nxg7 1-0

[Event "St Petersburg Blitz"]
[Site "St Petersburg"]
[Date "2021.12.12"]
[Round "17"]
[White "Matlakov, Maxim"]
[Black "Anisimov, Pavel"]
[Result "1-0"]
[WhiteElo "2674"]
[BlackElo "2527"]
[PlyCount "93"]
[EventDate "2021.12.12"]
[EventType "tourn (blitz)"]
[EventRounds "21"]
[EventCountry "RUS"]
[EventCategory "11"]
[SourceTitle "CBM 205 Extra"]
[Source "ChessBase"]
[SourceDate "2022.01.31"]
[SourceVersion "1"]
[SourceVersionDate "2022.01.31"]
[SourceQuality "1"]

1. Nf3 Nf6 2. g3 b5 3. Na3 b4 ({RR} 3... a6 4. b3 e6 5. c4 bxc4 6. bxc4 c5 7. Bg2 Bb7 8. Rb1 Bc6 9. O-O Be7 10. d3 O-O 11. Nc2 d6 12. e4 Nbd7 13. Qe2 Qc7 14. Bd2 Rfb8 15. Bc3 Rxb1 16. Rxb1 Rb8 17. Rc1 Ne8 18. Qe1 {Duda,J (2717)-Georgiev,K (2623) Riadh 2017 ½-½ (91)}) ({RR} 3... a6 4. c4 c6 5. Bg2 e6 6. b3 d5 7. O-O Be7 8. Bb2 O-O 9. Rc1 Nbd7 10. Nc2 Bb7 11. cxd5 cxd5 12. Ncd4 Qb6 13. d3 Rac8 14. Qd2 Rfe8 15. b4 Qd6 16. a3 g6 17. Nb3 e5 18. Nc5 {Matlakov,M (2689)-Milanovic,D (2469) Berlin 2015 0-1 (54)}) 4. Nc4 d5 ({RR} 4... a5 5. c3 Bb7 6. Bg2 e6 7. O-O Be7 8. d3 O-O 9. e4 d5 10. exd5 Bxd5 11. Ne3 Bb7 12. Qc2 c5 13. Rd1 Nbd7 14. Nc4 Bd5 15. Bf4 h6 16. h4 a4 17. Qe2 a3 18. cxb4 axb2 19. Qxb2 {Gutierrez Olivares,D (2354)-Papasimakopoulos,A (2402) chess.com INT 2024 0-1 (72)}) 5. Nce5 h6 $146 ({RR} 5... e6 6. Bg2 Bb7 7. O-O Nbd7 8. c3 bxc3 9. bxc3 Bd6 10. Nxd7 Qxd7 11. Rb1 c5 12. d4 O-O 13. dxc5 Bxc5 14. c4 Rfd8 15. Ne5 Qe7 16. Qa4 Rac8 17. Bg5 Ba8 18. Ng4 Bc6 19. Qc2 dxc4 20. Nxf6+ {Bivol,A (2374)-Nechaeva,M (2373) Moscow 2019 ½-½ (36)}) 6. a3 bxa3 7. Rxa3 e6 8. Ra1 Bd6 9. d4 O-O 10. Bg2 c5 11. O-O Nbd7 12. Bf4 Qb6 13. c3 Ne4 14. Nd2 Nxd2 15. Qxd2 cxd4 16. Nxd7 Bxd7 17. Bxd6 dxc3 18. Qf4 g5 19. Qb4 cxb2 20. Rab1 Qxb4 21. Bxb4 Rfb8 22. Rxb2 a5 23. Ba3 Rxb2 24. Bxb2 a4 25. e4 dxe4 26. Bxe4 Rb8 27. Bf6 Rb4 28. Rd1 Rxe4 29. Rxd7 Rc4 30. Ra7 g4 31. Kg2 Rb4 32. h3 gxh3+ 33. Kxh3 Rc4 34. f4 Rb4 35. Kg4 Kh7 36. Rxf7+ Kg6 37. Rf8 a3 38. Be5 Ra4 39. Rf6+ Kh7 40. Rxe6 a2 41. Re7+ Kg8 42. Ba1 Ra5 43. Re5 Ra6 44. Kh5 Kf7 45. g4 Rb6 46. Rf5+ Kg8 47. Ra5 1-0

[Event "St Petersburg Blitz"]
[Site "St Petersburg"]
[Date "2021.12.12"]
[Round "17"]
[White "Shimanov, Aleksandr"]
[Black "Lugovoi, Aleksei"]
[Result "1-0"]
[WhiteElo "2581"]
[BlackElo "2507"]
[PlyCount "83"]
[EventDate "2021.12.12"]
[EventType "tourn (blitz)"]
[EventRounds "21"]
[EventCountry "RUS"]
[EventCategory "11"]
[SourceTitle "CBM 205 Extra"]
[Source "ChessBase"]
[SourceDate "2022.01.31"]
[SourceVersion "1"]
[SourceVersionDate "2022.01.31"]
[SourceQuality "1"]

1. b3 {Stockfish 16.1} Nf6 2. Bb2 e6 3. Nf3 d5 4. e3 Be7 5. g4 O-O 6. g5 Nfd7 ({RR} 6... Ne4 7. h4 c5 8. Nc3 Nxc3 9. dxc3 Nc6 10. c4 b6 ({RR} 10... d4) 11. Qd2 dxc4 12. Qc3 f6 13. Bxc4 Na5 ({RR} 13... Rb8) 14. Rd1 Qe8 15. Rg1 Kh8 16. h5 Qxh5 17. gxf6 Rxf6 ({RR} 17... Bxf6 18. Qxf6 gxf6 19. Bxf6+ Rxf6 20. Rd8+ Qe8 21. Rxe8+ Rf8 22. Rxf8#) 18. Be2 Ba6 19. Rxg7 ({RR} 19. Bxa6 Qxf3 20. Qd2 Rf7) ({RR} 19. Qe5 Qxe5 20. Nxe5 ({RR} 20. Bxe5 Bxe2 21. Kxe2 Rg6) 20... Bxe2 21. Rd7 ({RR} 21. Kxe2 Rff8)) 19... Kxg7 20. Rd7 Qf7 ({RR} 20... Kf8 21. Rxe7 Qh1+ 22. Kd2 Rd8+ 23. Bd3 Rd4 24. exd4 Qxf3 25. Bxa6 Kxe7 26. dxc5 Qxf2+ 27. Be2 Rf5 28. Qg7+ Rf7 29. Qg5+ Kd7 30. cxb6 axb6) 21. Ng5 {Firouzja,A (2829)-Lazavik,D (2790) Chess.com 2024 [Stockfish 16.1] 1-0}) ({RR} 6... Ne4 7. h4 f6 8. d3 Nd6 9. Nbd2 Nc6 10. Qe2 e5 11. O-O-O Bg4 12. Bh3 Bxh3 13. Rxh3 a5 14. Rg3 a4 15. Rdg1 axb3 16. axb3 Nf5 17. Rg4 Ba3 18. gxf6 Bxb2+ 19. Kxb2 Qxf6 20. e4 Nb4 21. exf5 {Erdogmus,Y (2618)-Palczert,M (2391) chess.com INT 2025 1-0 (33)}) 7. h4 c5 8. d4 $146 ({RR} 8. Nc3 Nc6 9. Bh3 d4 10. Ne4 e5 11. d3 a5 12. a4 f5 13. gxf6 Nxf6 14. Nfg5 Bxh3 15. Rxh3 h6 16. Nxf6+ Bxf6 17. Ne4 dxe3 18. fxe3 Bxh4+ 19. Kd2 Bg5 20. Qg1 Qc8 21. Qg2 Qf5 22. Rg1 Rf7 {Arencibia Rodriguez,W (2529)-Estrada Nieto,J (2360) Merida 1999 1-0}) 8... Nc6 9. Nbd2 cxd4 10. exd4 Bd6 11. c4 Qe7 12. Be2 Ba3 13. Bxa3 Qxa3 14. cxd5 exd5 15. Nf1 Rd8 16. Ne3 Nf8 17. Qd2 a5 18. h5 a4 19. Bd1 axb3 20. Bxb3 Qxb3 21. axb3 Rxa1+ 22. Nd1 Bg4 23. Qe3 Ne6 24. O-O Bxf3 25. Qxf3 Ncxd4 26. Qg4 Rc8 27. Ne3 Rxf1+ 28. Kxf1 Rd8 29. h6 g6 30. Qg3 Nc6 31. Ke1 d4 32. Nc4 d3 33. Nd6 Nxg5 34. Qxg5 Rxd6 35. Qc5 Rd8 36. Qc3 d2+ 37. Kd1 Rd4 38. b4 f6 39. b5 Rd6 40. bxc6 bxc6 41. Qb3+ Kf8 42. Qb7 1-0

[Event "Titled Tuesday intern op 14th Dec"]
[Site "Chess.com INT"]
[Date "2021.12.14"]
[Round "9"]
[White "Sviridov, Valery"]
[Black "Moroni, Luca Jr"]
[Result "1-0"]
[WhiteElo "2562"]
[BlackElo "2575"]
[PlyCount "75"]
[EventDate "2021.12.14"]
[EventType "swiss (blitz)"]
[EventRounds "11"]
[EventCountry "USA"]
[SourceTitle "EXT 2023"]
[Source "ChessBase"]
[SourceDate "2022.10.05"]
[SourceVersion "1"]
[SourceVersionDate "2022.10.05"]
[SourceQuality "1"]

1. Nf3 g6 2. g3 Bg7 3. Bg2 d6 4. O-O Bd7 5. e4 Qc8 6. d4 Nc6 7. Nc3 Bh3 8. Be3 h5 9. Bxh3 Qxh3 10. Ng5 Qd7 11. h4 Nf6 12. f3 O-O $146 ({RR} 12... e6 13. Qd2 d5 14. e5 Ng8 15. Ne2 Nh6 16. b3 O-O-O 17. Rad1 Nf5 18. Bf2 f6 19. exf6 Bxf6 20. Kg2 Kb8 21. Nf4 Bxg5 22. hxg5 Qf7 23. c3 b6 24. Nd3 Rdf8 25. Qe2 Qe7 26. Qd2 Qd6 27. Rh1 {Onischuk,V (2619)-Maksimovic,B (2497) chess.com INT 2023 1-0 (72)}) 13. Kg2 e6 14. Qd2 Nh7 15. Nxh7 Kxh7 16. Rad1 Ne7 17. Bg5 b5 18. Rh1 b4 19. Ne2 a5 20. Qd3 f5 21. exf5 exf5 22. Nf4 Rae8 23. Rhe1 Nc6 24. c3 bxc3 25. bxc3 Rxe1 26. Rxe1 Re8 27. Rxe8 Qxe8 28. g4 hxg4 29. fxg4 Ne7 30. gxf5 Nxf5 31. h5 Kg8 32. hxg6 Qc6+ 33. Kf2 Ne7 34. Bxe7 Qa4 35. Qe2 Bh6 36. Qe6+ Kh8 37. Bf6+ Bg7 38. Qc8+ 1-0

[Event "Abu Dhabi op Blitz 27th"]
[Site "Abu Dhabi"]
[Date "2021.12.15"]
[Round "2"]
[White "Amin, Bassem"]
[Black "Tukhaev, Adam"]
[Result "1-0"]
[WhiteElo "2680"]
[BlackElo "2534"]
[PlyCount "81"]
[EventDate "2021.12.15"]
[EventType "swiss (blitz)"]
[EventRounds "9"]
[EventCountry "UAE"]
[SourceTitle "CBM 205 Extra"]
[Source "ChessBase"]
[SourceDate "2022.01.31"]
[SourceVersion "1"]
[SourceVersionDate "2022.01.31"]
[SourceQuality "1"]

1. Nf3 c5 2. g3 g6 3. Bg2 Bg7 4. O-O Nc6 5. e4 e5 6. c3 Nge7 7. d3 O-O 8. a3 d6 9. b4 h6 10. Nbd2 Be6 11. Nb3 b6 12. b5 Nb8 13. a4 Nd7 ({RR} 13... c4 14. dxc4 Bxc4 15. Re1 Qc7 16. Ba3 Rd8 17. Nfd2 Be6 18. Nf1 a6 19. Bb4 axb5 20. axb5 Rxa1 21. Nxa1 Bc4 22. Qa4 Qd7 23. Rd1 Qxb5 24. Qxb5 Bxb5 25. Rxd6 Rxd6 26. Bxd6 Nbc6 27. Bc7 Nc8 28. Bh3 {Amin,B (2667)-Restas,P (2064) Ajka HUN 2024 1-0 (39)}) 14. Nfd2 Rc8 $146 ({RR} 14... d5 15. c4 d4 16. f4 Qc7 17. f5 gxf5 18. exf5 Nxf5 19. Bxa8 Ne3 20. Qf3 Nf6 21. Ne4 Nxe4 22. Bxe3 Rxa8 23. Qxe4 Rf8 24. Bd2 f5 25. Qc6 Qe7 26. Rae1 e4 27. dxe4 f4 28. Bxf4 Bxc4 29. Nd2 {Amin,B (2689)-Nepomniachtchi,I (2729) Riadh 2017 1-0 (75)}) 15. Nc4 Qc7 16. Ne3 Rfd8 17. c4 Rf8 18. Bb2 f5 19. f4 Rce8 20. a5 Kh7 21. Nd2 Rf7 22. Nd5 Qb8 23. axb6 axb6 24. Ra6 Bxd5 25. cxd5 Nc8 26. Nc4 Qc7 27. exf5 gxf5 28. Qh5 Ref8 29. fxe5 Nxe5 30. Bxe5 dxe5 31. Rxf5 Rxf5 32. Be4 Qd7 33. g4 Kg8 34. gxf5 Qd8 35. Ra8 Qf6 36. Qg6 Qh4 37. Qg3 Qh5 38. d6 Qd1+ 39. Kg2 Qe2+ 40. Kh1 Kh8 41. d7 1-0

[Event "Abu Dhabi op Blitz 27th"]
[Site "Abu Dhabi"]
[Date "2021.12.15"]
[Round "2"]
[White "Fedoseev, Vladimir1"]
[Black "Jumabayev, Rinat"]
[Result "1-0"]
[WhiteElo "2704"]
[BlackElo "2631"]
[PlyCount "64"]
[EventDate "2021.12.15"]
[EventType "swiss (blitz)"]
[EventRounds "9"]
[EventCountry "UAE"]
[SourceTitle "CBM 205 Extra"]
[Source "ChessBase"]
[SourceDate "2022.01.31"]
[SourceVersion "1"]
[SourceVersionDate "2022.01.31"]
[SourceQuality "1"]

1. Nf3 d5 2. b3 c6 3. Bb2 Bf5 4. d3 Nf6 5. Nbd2 h6 6. g3 Nbd7 7. Bg2 a5 $146 ({RR} 7... Qc7 8. c4 e6 9. O-O Bd6 10. Re1 Ne5 11. Nxe5 Bxe5 12. d4 Bd6 13. e4 dxe4 14. Nxe4 Nxe4 15. Bxe4 Bxe4 16. Rxe4 O-O-O 17. Qf3 Rd7 18. c5 Bf8 19. b4 Rd5 20. a4 Rf5 21. Qe2 Be7 22. b5 {Harrison,J-Clotaire,C Dos Hermanas 2003 1-0 (50)}) 8. e4 dxe4 9. dxe4 Bxe4 10. Nxe4 Nxe4 11. Qe2 Nef6 12. Rd1 e6 13. Ne5 Bb4+ 14. Kf1 O-O 15. a3 Be7 16. Bh3 Qc7 17. Bxe6 Nxe5 18. Bxe5 Qb6 19. Bc4 Rae8 20. Qf3 Qc5 21. Bd4 Qxa3 22. Kg2 b5 23. Bd3 Qb4 24. Qxc6 Rc8 25. Qb7 Rfd8 26. c3 Qd6 27. Qxb5 Nd5 28. Bc4 Qc6 29. Qxc6 Rxc6 30. Rhe1 Bf8 31. Be5 Rc5 32. Rd4 a4 1-0

[Event "Abu Dhabi op Blitz 27th"]
[Site "Abu Dhabi"]
[Date "2021.12.15"]
[Round "5"]
[White "Van Wely, Loek"]
[Black "Salem, AR Saleh"]
[Result "1-0"]
[WhiteElo "2612"]
[BlackElo "2690"]
[PlyCount "112"]
[EventDate "2021.12.15"]
[EventType "swiss (blitz)"]
[EventRounds "9"]
[EventCountry "UAE"]
[SourceTitle "CBM 205 Extra"]
[Source "ChessBase"]
[SourceDate "2022.01.31"]
[SourceVersion "1"]
[SourceVersionDate "2022.01.31"]
[SourceQuality "1"]

1. c4 e6 2. g3 d5 3. Nf3 Nf6 4. Bg2 d4 5. O-O c5 6. d3 Nc6 7. e3 Bd6 8. exd4 cxd4 9. a3 a5 10. Bg5 h6 11. Bxf6 Qxf6 12. Nbd2 Qe7 13. Re1 O-O 14. Rc1 ({RR} 14. Nb3 Qf6 15. Qc2 e5 16. Nfd2 Qg6 17. c5 Bc7 18. Nc4 Bf5 19. Be4 Bxe4 20. dxe4 Rad8 21. Rad1 f5 22. exf5 Rxf5 23. Qe4 Rdf8 24. Re2 Qf7 25. Qc2 a4 26. Nc1 e4 27. Rxe4 Rxf2 28. Qd3 Rf3 {Le,Q (2712)-Moiseenko,A (2711) Khanty-Mansiysk 2013 ½-½ (79)}) ({RR} 14. Nb3 Qf6 15. c5 Bc7 16. Nbd2 Qe7 17. Rc1 Bd7 18. Ne4 Rfd8 19. Nfd2 Ne5 20. Nc4 Nxc4 21. Rxc4 Bb5 22. Rc1 a4 23. Qe2 Bc6 24. Nd2 Ra5 25. Bxc6 bxc6 26. Rc4 e5 27. Qd1 Rb5 28. Rxa4 Rxb2 {Mitrabha,G (2505)-Zhao Zong Yuan (2462) Canberra AUS 2025 1-0 (51)}) 14... Rd8 15. Ne4 Bc7 16. c5 a4 $146 ({RR} 16... Bd7 17. Qe2 a4 18. Nfd2 Na5 19. f4 Bb5 20. Nf2 g6 21. Ng4 Kg7 22. Ne5 Ra6 23. Rc2 Bb8 24. h4 h5 25. Rec1 Nb3 26. Nxb3 axb3 27. Rd2 Rc8 28. Rdd1 Rxc5 29. Rxc5 Qxc5 30. Bxb7 Ra7 31. Bf3 {Galyas,M (2468)-Czopor,M (2416) England 2022 0-1 (66)}) ({RR} 16... e5 17. Nfd2 Be6 18. Nc4 a4 19. Ned6 Bxc4 20. Nxc4 Ra6 21. h4 Qf6 22. Qg4 Ra7 23. Re2 Na5 24. Nxa5 Bxa5 25. c6 bxc6 26. Rxc6 Rd6 27. Rc5 Qe6 28. Qh5 f6 29. Rec2 Bd8 30. Be4 Qf7 31. Qf5 {Van Wely,L (2609)-Braun,A (2605) Chess.com INT 2020 1-0 (48)}) 17. Nfd2 Bd7 18. Nc4 Na5 19. Nxa5 Bxa5 20. Re2 Bc6 21. Nd6 Bc7 22. Bxc6 bxc6 23. Rc4 Bxd6 24. cxd6 Qxd6 25. Rxa4 Qd5 26. Rc4 Rab8 27. Rec2 Rb6 28. Rc5 Qb3 29. Qf3 g6 30. h4 Kg7 31. h5 g5 32. Rxc6 Rxc6 33. Rxc6 Rd5 34. g4 Rd7 35. Qe4 Rd5 36. Rc7 Qd1+ 37. Kg2 Kf6 38. Qf3+ Qxf3+ 39. Kxf3 Re5 40. a4 Re1 41. a5 Ra1 42. b4 Ra4 43. Rb7 Ke5 44. Rb5+ Kd6 45. Ke4 Ra2 46. Kxd4 Rxf2 47. a6 Ra2 48. Rb6+ Kc7 49. Rb7+ Kd6 50. b5 f5 51. gxf5 exf5 52. a7 g4 53. b6 g3 54. Rg7 g2 55. b7 Ra4+ 56. Kc3 Kd5 1-0

[Event "Abu Dhabi op Blitz 27th"]
[Site "Abu Dhabi"]
[Date "2021.12.15"]
[Round "6"]
[White "Amin, Bassem"]
[Black "Sargsyan, Shant"]
[Result "1-0"]
[WhiteElo "2680"]
[BlackElo "2628"]
[PlyCount "105"]
[EventDate "2021.12.15"]
[EventType "swiss (blitz)"]
[EventRounds "9"]
[EventCountry "UAE"]
[SourceTitle "CBM 205 Extra"]
[Source "ChessBase"]
[SourceDate "2022.01.31"]
[SourceVersion "1"]
[SourceVersionDate "2022.01.31"]
[SourceQuality "1"]

1. Nf3 d5 2. g3 g6 3. Bg2 Bg7 4. O-O e5 5. d3 Nc6 6. e4 Nge7 7. Nc3 dxe4 8. dxe4 Qxd1 ({RR} 8... Be6 9. Qe2 Nd4 10. Nxd4 exd4 11. Nd5 O-O 12. Bg5 f6 13. Bf4 Rc8 14. Rad1 c5 15. Nxe7+ Qxe7 16. c3 Qf7 17. b3 dxc3 18. Qc2 g5 19. Bd6 Rfd8 20. Qxc3 Rd7 21. e5 Rcd8 22. Rde1 c4 23. exf6 {Praggnanandhaa,R (2684)-Nakamura,H (2768) Kolkata IND 2022 0-1 (41)}) 9. Rxd1 Bg4 10. Nb5 Rc8 11. h3 $146 ({RR} 11. c3 a6 12. Na3 h6 13. b3 O-O 14. h3 Be6 15. Nc2 f5 16. exf5 gxf5 17. Ba3 Rfe8 18. Rd2 Ng6 19. Re1 Kf7 20. Bb2 Rcd8 21. Red1 Rxd2 22. Rxd2 Bf6 23. Bc1 e4 24. Nfd4 Bg5 25. Rd1 Nxd4 {Genocchio,D (2278)-Skembris,S (2450) Estensi 2001 ½-½ (48)}) 11... Bxf3 12. Bxf3 a6 13. Na3 Nd4 14. Kg2 Nxf3 15. Kxf3 Nc6 16. c3 Ke7 17. Be3 Rhd8 18. Rd5 f5 19. Rad1 Rxd5 20. Rxd5 Ke6 21. Rd1 Bf8 22. Nc2 Rd8 23. Rxd8 Nxd8 24. exf5+ gxf5 25. g4 Nf7 26. gxf5+ Kxf5 27. Bc1 e4+ 28. Ke2 Bc5 29. b4 Bd6 30. Ne3+ Ke6 31. a3 Ng5 32. h4 Nf3 33. h5 Be5 34. c4 Nd4+ 35. Kd1 Nb3 36. c5 Nxc1 37. Kxc1 Bf4 38. Kd2 Ke5 39. Ke2 Bxe3 40. Kxe3 b6 41. cxb6 cxb6 42. a4 b5 43. axb5 axb5 44. h6 Kd5 45. Kf4 Kc4 46. Kxe4 Kxb4 47. Kd4 Ka4 48. f4 b4 49. f5 b3 50. Kc3 Ka3 51. f6 b2 52. f7 b1=Q 53. f8=Q+ 1-0

[Event "Gashimov Memorial Blitz 7th"]
[Site "Baku"]
[Date "2021.12.23"]
[Round "9"]
[White "Karjakin, Sergey"]
[Black "Navara, David"]
[Result "1-0"]
[WhiteElo "2743"]
[BlackElo "2697"]
[PlyCount "85"]
[EventDate "2021.12.22"]
[EventType "tourn (blitz)"]
[EventRounds "14"]
[EventCountry "AZE"]
[EventCategory "19"]
[SourceTitle "CBM 206"]
[Source "ChessBase"]
[SourceDate "2022.02.28"]
[SourceVersion "1"]
[SourceVersionDate "2022.02.28"]
[SourceQuality "1"]

1. b3 {Horn,Peter} d5 2. Bb2 Bf5 3. Nf3 Nf6 4. g3 e6 5. Bg2 Be7 6. c4 O-O 7. O-O h6 8. d3 Bh7 9. Nbd2 a5 ({RR} 9... Nc6 10. Ne5 Nxe5 11. Bxe5 Nd7 12. Bb2 Bf6 13. Qc2 Bxb2 14. Qxb2 Qf6 15. Qxf6 Nxf6 {½-½ (15) Gulko,B (2620)-Jussupow,A (2680) Horgen 1995}) ({RR} 9... c5 10. Ne5 Qc7 11. cxd5 Nxd5 12. Rc1 Nc6 13. Nxc6 Qxc6 14. d4 Qb5 15. a4 Qa5 16. Nc4 Qa6 17. dxc5 Bxc5 18. e4 Nb4 19. Ne5 Rad8 20. Nd7 Nd3 21. Nxc5 Nxb2 22. Qc2 Qa5 23. Qxb2 Rd2 24. Qc3 {Mohamed,A (2339)-Esmeraldas Huachi,A (2127) chess.com INT 2025 1-0 (50)}) 10. a3 Nc6 11. cxd5 exd5 12. Ra2 $146 ({RR} 12. Qc2 Nd7 13. Bh3 Re8 ({RR} 13... Bf6 14. Bxd7 Bxb2 15. Bxc6 Bxa1 16. Bxb7 Rb8 17. Bxd5) 14. Rfe1 Nf8 15. Rac1 Ne6 16. Qb1 ({RR} 16. Bxe6 fxe6 17. Ne5 Nxe5 18. Bxe5 Bxa3 19. Qxc7) 16... Bf6 17. Qa1 Bxb2 18. Qxb2 Qd6 19. Rb1 Nc5 20. Bf1 Bf5 21. Rec1 Na6 22. Rc2 Re7 23. Rbc1 Rae8 24. e3 Bh7 25. Nb1 Rd8 26. Be2 d4 {Spraggett,K (2575)-Jussupow,A (2610) Quebec 1989 Candidates [Horn,Peter] 1-0 (54)}) 12... Re8 13. Qa1 Bf8 14. Bxf6 Qxf6 15. Qxf6 gxf6 16. Nb1 Nd8 17. Nh4 c6 18. Bh3 Ne6 19. Bf5 Nd4 20. Bxh7+ Kxh7 21. Nc3 b5 22. Rb1 Bxa3 23. Rxa3 b4 24. Ra4 bxc3 25. Rxd4 Rxe2 26. Rc1 Rb8 27. Rxc3 Rb6 28. Rf4 Rb2 29. Rxf6 R2xb3 30. Rxb3 Rxb3 31. Rxc6 Rxd3 32. Nf5 a4 33. Rxh6+ Kg8 34. Ra6 a3 35. Ne7+ Kf8 36. Nxd5 Rxd5 37. Rxa3 Kg7 38. Kg2 Rd2 39. g4 f5 40. h3 Kg6 41. Ra6+ Kg5 42. Ra5 Kh4 43. Rxf5 1-0

[Event "Gashimov Memorial Blitz 7th"]
[Site "Baku"]
[Date "2021.12.23"]
[Round "10"]
[White "Mamedov, Rauf"]
[Black "Asadli, Vugar Afgan Oglu"]
[Result "1-0"]
[WhiteElo "2656"]
[BlackElo "2579"]
[PlyCount "135"]
[EventDate "2021.12.22"]
[EventType "tourn (blitz)"]
[EventRounds "14"]
[EventCountry "AZE"]
[EventCategory "19"]
[SourceTitle "CBM 206"]
[Source "ChessBase"]
[SourceDate "2022.02.28"]
[SourceVersion "1"]
[SourceVersionDate "2022.02.28"]
[SourceQuality "1"]

1. g3 g6 2. Bg2 Bg7 3. d3 d5 4. Nd2 e5 5. e4 Ne7 6. exd5 Nxd5 7. Ngf3 O-O 8. O-O Nc6 9. a3 a5 10. Re1 h6 11. Rb1 a4 $146 ({RR} 11... Kh7 12. c4 Nde7 13. b4 axb4 14. axb4 Qxd3 15. b5 Nd4 16. Nxe5 Qc2 17. Bb2 Qxd1 18. Rbxd1 Nc2 19. Re2 Ra2 20. Bc3 Nf5 21. Nb3 Nce3 22. Rxa2 Nxd1 23. Ba1 Re8 24. Nd3 Nc3 25. Ra8 Nd6 26. Nd2 {Mamedov,R (2709)-Korobov,A (2652) Huaian 2017 1-0 (42)}) 12. Ne4 Re8 13. c4 Nb6 14. Be3 Bf5 15. Nh4 Bc8 16. Nc3 g5 17. Nf3 Bf5 18. Bxb6 cxb6 19. Re3 Bf8 20. Nxa4 e4 21. dxe4 Qxd1+ 22. Rxd1 Rxa4 23. exf5 Rxe3 24. fxe3 Rxc4 25. Kf2 Kg7 26. Bf1 Rc2+ 27. Rd2 Rc1 28. g4 Kf6 29. Rd7 Rc2+ 30. Rd2 Rc1 31. Bb5 Ne5 32. Nxe5 Kxe5 33. b4 Bd6 34. Be8 Rc7 35. Kf3 Bf8 36. Ba4 Rc3 37. Rd8 Bd6 38. Be8 Rc7 39. h3 Be7 40. Rd3 Bf8 41. Ba4 Kf6 42. Bb3 Be7 43. Ba2 Rc2 44. Bd5 Rc7 45. Be4 Ke5 46. Rd5+ Kf6 47. Rb5 Rc3 48. Rxb6+ Ke5 49. Rxb7 Kf6 50. a4 Rb3 51. a5 Rxb4 52. Rxb4 Bxb4 53. a6 Bc5 54. Bd5 Ke7 55. Ke2 f6 56. Kd3 Kd6 57. Bb7 Ba7 58. e4 Bg1 59. Kc4 Ke5 60. Kb5 Kd6 61. Bc8 Bd4 62. Be6 Bg1 63. Bb3 Bf2 64. e5+ fxe5 65. f6 e4 66. f7 Ke7 67. Kc6 Be3 68. Kd5 1-0

[Event "Sitges Sunway playoff 1-4 8th"]
[Site "Sitges"]
[Date "2021.12.23"]
[Round "2.1"]
[White "Puranik, Abhimanyu Sameer"]
[Black "Cheparinov, Ivan"]
[Result "1-0"]
[WhiteElo "2604"]
[BlackElo "2664"]
[PlyCount "93"]
[EventDate "2021.12.23"]
[EventType "k.o. (rapid)"]
[EventRounds "2"]
[EventCountry "ESP"]
[SourceTitle "CBM 205 Extra"]
[Source "ChessBase"]
[SourceDate "2022.01.31"]
[SourceVersion "1"]
[SourceVersionDate "2022.01.31"]
[SourceQuality "1"]

1. Nf3 d5 2. c4 d4 3. b4 c5 4. bxc5 Nc6 5. d3 e5 6. g3 Bxc5 7. Bg2 h6 ({RR} 7... Nf6 8. O-O O-O 9. Ba3 Bxa3 10. Nxa3 Qe7 11. Nc2 Rd8 12. Nd2 Bf5 13. Rb1 e4 14. Nxe4 Nxe4 15. dxe4 Bxe4 16. Bxe4 Qxe4 17. Qd3 Qe7 18. Rb5 Rd7 19. Rd5 Rad8 20. Nxd4 Rxd5 21. cxd5 Rxd5 22. Nxc6 {Svidler,P (2723)-Giri,A (2764) chess24.com INT 2020 ½-½}) 8. O-O Nf6 9. Ba3 ({RR} 9. Nfd2 O-O 10. Nb3 Bd6 11. Ba3 Bf5 12. Bxd6 Qxd6 13. N1d2 Rad8 14. a4 Rfe8 15. c5 Qd7 16. Nc4 Bh3 17. Nd6 Re7 18. Nd2 Bxg2 19. Kxg2 Nd5 20. Qb3 Nc3 21. e4 b6 22. Nf5 Ree8 23. cxb6 g6 {Puranik,A (2604)-Hovhannisyan,R (2643) Warsaw 2021 1-0 (41)}) 9... Nd7 $146 ({RR} 9... Bxa3 10. Nxa3 O-O 11. Qa4 Qe7 12. Nb5 a6 13. Na3 e4 14. dxe4 Nxe4 15. Nc2 Nc3 16. Qb3 Nxe2+ 17. Kh1 Bf5 18. Rfe1 Rae8 19. Rad1 d3 20. Rxd3 Bxd3 21. Qxd3 Qe4 22. Qxe4 Rxe4 23. Ng1 Rxc4 24. Rxe2 {Gokhale,R (2079)-Putnam,L (2323) chess.com INT 2024 1-0 (77)}) 10. Nfd2 O-O 11. Nb3 Bxa3 12. Nxa3 Qe7 13. Nb5 Nf6 14. c5 Be6 15. Nd6 Bd5 16. Nd2 Bxg2 17. Kxg2 b5 18. Qb3 Rab8 19. Rab1 a6 20. N2e4 Nxe4 21. dxe4 Qe6 22. Qd3 Ra8 23. a3 Ra7 24. e3 Rd8 25. exd4 Nxd4 26. f4 f6 27. f5 Qe7 28. Rbc1 Rc7 29. Rc3 Rc6 30. Rfc1 Rd7 31. a4 b4 32. Rc4 a5 33. g4 Rd8 34. h4 Rd7 35. Kh3 Rd8 36. Rg1 Rb8 37. g5 fxg5 38. hxg5 hxg5 39. Rcc1 Qf6 40. Qc4+ Kf8 41. Kg4 b3 42. Rh1 Ke7 43. Qd5 b2 44. Rcd1 Rd8 45. Rxd4 exd4 46. e5 Qh6 47. Rxh6 1-0